000 00788nam a22002417a 4500
003 UA-OsUOA
001 93284
007 ta
008 20130117b un ||||| |||| 00| 0 ukr d
100 _aАржаківський А.
090 _a82-96
_bА80
942 _cBK
040 _aUA-OsUOA
_bukr
_cUA-OsUOA
_dUA-OsUOA
245 _aБесіди з блаженнішим Любомиром Гузаром
_bдо постконфесійного християнства
300 _a182 с.
955 _a4
041 _aukr
080 _a82-96
020 _a966-8197-46-1
260 _aЛьвів
_bУкраїнського Католицького університету
_c2007
650 7 _a82 Література. Літературознавство
_2UDC
999 _c379527
_d379527